Go for growth! : five paths to profit and success-choose the right one for you and your company

Bibliographic Details
Main Author: Tomasko, Robert M
Format: Book
Published: New York : John Wiley & Sons , 1996
Subjects:

MARC

LEADER 00000cam a2200000 7i4500
001 0000006928
002 000007460
005 20000330.0
020 |a 047113290X 
090 0 0 |a 658.4063   |b TOM 
100 1 |a Tomasko, Robert M 
245 1 0 |a Go for growth! :   |b five paths to profit and success-choose the right one for you and your company   |c Robert M.Tomasko 
260 |a New York :   |b John Wiley & Sons ,   |c 1996 
300 |a 303p. ;   |c 25cm. 
650 0 0 |a Reengineering (Management) 
650 0 0 |a Success in business 
999 |a 051986   |b BUKU   |c PINJAMAN   |e PERPUSTAKAAN KOMUNITI PETALING JAYA